Moderné formy globálneho terorizmu

Bibliographic Details
Main Author: Sviatko, Martin, 1978- (Author)
Format: Article
Language:Slovak
PhysicalDescription:Tab.
ISSN:1335-2741
Subjects:

MARC

LEADER 00000nab a2200000 a 4500
001 vtls000863927
003 SK-MaSNL
005 20260304121329.0
008 250429c2003 xo 0 slo
015 |a SNBRB2004/02-05925 
035 |a CLN000215483 
035 |a urn:nbn:sk:snk-ab75i6 
035 |a (uuid)e04bfc94-5d7f-40a9-8dde-79c6442e7cf1 
035 |a (urnnbn)urn:nbn:sk:snk:ar-a06zi7 
035 |a (sysno)vtls000863927 
040 |a SNKBUCL  |b slo  |c SNKBUCL  |e AACR2 
041 0 |a slo 
044 |a xo  |c SK 
080 |a 323.285  |2 1997 
100 1 |a Sviatko, Martin,  |d 1978-  |4 aut  |9 115736 
245 1 0 |a Moderné formy globálneho terorizmu  |c Martin Sviatko 
300 |b Tab. 
504 |a Res. angl. 
504 |a Bibliogr. odkazy 
650 0 7 |a terorizmus globálny  |2 snkbucl  |9 845891 
655 7 |a články z novín a časopisov  |2 snkbucl  |9 267496 
773 0 |t Politické vedy  |g Roč. 5, č. 1 (2003), s. 41-90  |x 1335-2741 
850 |a Slovenská národná knižnica 
852 |a Slovenská národná knižnica 
954 |a odborná, vedecká literatúra pôvodná (slovenská)  |2 lita 
958 |a article27 
958 |a NB 
958 |a OND 
958 |a EUIPO 
999 |c 2884539  |d 2886469